000 00241nam a2200121Ia 4500
100 _a#N/A
650 _aComputer/ IT
942 _cBK
654 _apl/sql
245 _aTeach yourself PL/SQL in 21 days
260 _b#N/A
546 _aENGLISH
999 _c25282
_d25282